[Event "USA-ch"]
[Site "Saint Louis"]
[Date "2023.10.13"]
[Round "8"]
[White "Tang, Andrew"]
[Black "So, Wesley"]
[Result "1/2-1/2"]
[WhiteElo "2496"]
[BlackElo "2753"]
[PlyCount "159"]
[EventDate "2023.10.05"]
[EventType "tourn"]
[EventRounds "11"]
[EventCountry "USA"]
[EventCategory "18"]
[SourceTitle "EXT 2024"]
[Source "ChessBase"]
[SourceDate "2023.10.10"]
[SourceVersion "1"]
[SourceVersionDate "2023.10.10"]
[SourceQuality "1"]

1. d4 Nf6 2. Bf4 d5 3. Nf3 c5 4. e3 Nc6 5. Nbd2 Qb6 6. dxc5 Qxb2 7. Rb1 Qc3 8. Bb5 e6 9. 0-0 Be7 10. Nd4 Bd7 11. N2b3 0-0 12. Bd3 Qb4 13. a4 a6 14. Bc7 Rfc8 15. Bb6 Be8 16. Na5 Qxa4 17. Nxb7 Ne5 18. Nd6 Bxd6 19. cxd6 Nxd3 20. cxd3 Qxd1 21. Rfxd1 a5 22. Nb5 Bxb5 23. Rxb5 a4 24. Ba5 a3 25. h3 Rc2 26. Ra1 Rb2 27. Rc5 a2 28. Bc3 Rc2 29. Rc7 Ne8 30. Rc6 Nf6 31. Rc7 Ne8 32. Rc6 Rd8 33. Ba5 Rxc6 34. Bxd8 Rxd6 35. Ba5 Ra6 36. Rxa2 h5 37. Ra3 e5 38. Bb4 Rxa3 39. Bxa3 f6 40. e4 Nc7 41. h4 Kf7 42. f3 Ne6 43. exd5 Nf4 44. g3 Nxd5 45. Bb2 Ne3 46. d4 Nf5 47. dxe5 Nxg3 48. exf6 gxf6 49. Kg2 Nf5 50. Kh3 Ke6 51. Bc3 Ne7 52. Kg3 Ng6 53. Bd4 f5 54. Be3 Ke5 55. Bg5 Nf8 56. Kf2 Ne6 57. Bc1 Nf4 58. Bd2 Nd5 59. Bg5 Nf4 60. Ke3 Ne6 61. Be7 Kd5 62. Kd3 Nf4+ 63. Ke3 Ng6 64. Bg5 Kc4 65. Bf6 Kd5 66. Bg5 Ke5 67. Bd8 f4+ 68. Kd3 Kf5 69. Ke2 Ne5 70. Bc7 Nc6 71. Kd3 Nb4+ 72. Kc4 Nc2 73. Kd3 Ne3 74. Bb6 Nd5 75. Bc5 Nf6 76. Be7 Nd7 77. Bd6 Nf6 78. Be7 Nd7 79. Bd6 Nf6 80. Be7 1/2-1/2

[Event "USA-ch"]
[Site "Saint Louis"]
[Date "2023.10.10"]
[Round "5"]
[White "Tang, Andrew"]
[Black "Caruana, Fabiano"]
[Result "0-1"]
[WhiteElo "2496"]
[BlackElo "2786"]
[PlyCount "54"]
[EventDate "2023.10.05"]
[EventType "tourn"]
[EventRounds "11"]
[EventCountry "USA"]
[EventCategory "18"]
[SourceTitle "EXT 2024"]
[Source "ChessBase"]
[SourceDate "2023.10.10"]
[SourceVersion "1"]
[SourceVersionDate "2023.10.10"]
[SourceQuality "1"]

1. d4 Nf6 2. Bf4 g6 3. Nc3 d5 4. e3 Nh5 5. Be5 f6 6. Bg3 c6 7. Bd3 Nd7 8. Bh4 e5 9. Be2 Ng7 10. e4 Qb6 11. exd5 Nf5 12. dxc6 bxc6 13. Nf3 Qxb2 14. Ne4 Nxh4 15. Nxh4 f5 16. Rb1 Qxd4 17. Qxd4 exd4 18. Nd2 Nb6 19. Nhf3 Be6 20. Nxd4 Bxa2 21. Rc1 Bh6 22. c4 0-0-0 23. N4f3 Rhe8 24. Rc2 Na4 25. h4 Bg7 26. 0-0 Nc3 27. Bd1 a5 0-1

[Event "USA-ch"]
[Site "Saint Louis"]
[Date "2023.10.08"]
[Round "4"]
[White "Xiong, Jeffery"]
[Black "Tang, Andrew"]
[Result "1/2-1/2"]
[WhiteElo "2693"]
[BlackElo "2496"]
[PlyCount "67"]
[EventDate "2023.10.05"]
[EventType "tourn"]
[EventRounds "11"]
[EventCountry "USA"]
[EventCategory "18"]
[SourceTitle "EXT 2024"]
[Source "ChessBase"]
[SourceDate "2023.10.10"]
[SourceVersion "1"]
[SourceVersionDate "2023.10.10"]
[SourceQuality "1"]

1. Nf3 d5 2. d4 Nf6 3. c4 e6 4. g3 Bb4+ 5. Bd2 Be7 6. Bg2 0-0 7. 0-0 Nbd7 8. Qc2 c6 9. Rd1 a5 10. Bf4 h6 11. Ne5 Qb6 12. Nc3 Nxe5 13. Bxe5 dxc4 14. Rac1 Ng4 15. Ne4 Rd8 16. Nd2 Nxe5 17. dxe5 Qc7 18. Nxc4 Rxd1+ 19. Rxd1 Bd7 20. Rd3 Rd8 21. Qd2 b6 22. Nxb6 Qxb6 23. Rxd7 Rxd7 24. Qxd7 Bc5 25. Qc8+ Bf8 26. b3 Qd4 27. Qxc6 Qa1+ 28. Bf1 Qxa2 29. Qc4 Qb2 30. Qb5 Bb4 31. Qe8+ Bf8 32. Qb5 Bb4 33. Qe8+ Bf8 34. Qb5 1/2-1/2

[Event "Washington op 10th"]
[Site "Rockville"]
[Date "2023.08.15"]
[Round "7"]
[White "Tang, Andrew"]
[Black "Corrales Jimenez, Fidel"]
[Result "0-1"]
[WhiteElo "2523"]
[BlackElo "2554"]
[PlyCount "74"]
[EventDate "2023.08.12"]
[EventType "swiss"]
[EventRounds "9"]
[EventCountry "USA"]
[SourceTitle "CBM 215 Extra"]
[Source "ChessBase"]
[SourceDate "2023.09.30"]
[SourceVersion "1"]
[SourceVersionDate "2023.09.30"]
[SourceQuality "1"]

1. d4 Nf6 2. c4 e6 3. Nc3 d5 4. cxd5 exd5 5. Bg5 c6 6. e3 h6 7. Bh4 Be7 8. Bd3 Nbd7 9. Nge2 Nh5 10. Bxe7 Qxe7 11. g4 Nhf6 12. h3 Nb6 13. Qb3 Be6 14. Nf4 Bd7 15. a4 0-0 16. a5 Nc8 17. Qxb7 Nd6 18. Qb4 Rfb8 19. Qa3 Rb7 20. Ba6 Rc7 21. Rc1 Bc8 22. Be2 Qd8 23. 0-0 Rb8 24. Na2 g5 25. Ng2 Nc4 26. Bxc4 dxc4 27. Rxc4 Ba6 28. b3 Rcb7 29. Nc1 Ne4 30. Rc2 Bxf1 31. Kxf1 c5 32. f3 Qf6 33. Ke2 Ng3+ 34. Kf2 Nh1+ 35. Kg1 Qf5 36. f4 Qxf4 37. Kxh1 Qf3 0-1

[Event "Washington op 10th"]
[Site "Rockville"]
[Date "2023.08.13"]
[Round "4"]
[White "Tang, Andrew"]
[Black "Chabris, Christopher"]
[Result "1-0"]
[WhiteElo "2523"]
[BlackElo "2051"]
[PlyCount "123"]
[EventDate "2023.08.12"]
[EventType "swiss"]
[EventRounds "9"]
[EventCountry "USA"]
[SourceTitle "CBM 215 Extra"]
[Source "ChessBase"]
[SourceDate "2023.09.30"]
[SourceVersion "1"]
[SourceVersionDate "2023.09.30"]
[SourceQuality "1"]

1. d4 Nf6 2. Nf3 e6 3. Bf4 d5 4. e3 c5 5. Nbd2 Nc6 6. c3 Be7 7. Ne5 Nd7 8. h4 Ndxe5 9. dxe5 Qb6 10. Rb1 Bd7 11. h5 0-0-0 12. h6 g6 13. Nf3 f5 14. exf6 Bxf6 15. Bg5 Rdf8 16. Bxf6 Rxf6 17. Be2 Qa5 18. Rh4 Qd8 19. Rh2 Qc7 20. Rh1 Ne5 21. b4 Nxf3+ 22. Bxf3 Qe5 23. Rc1 cxb4 24. cxb4+ Kb8 25. Kf1 Bb5+ 26. Kg1 Rhf8 27. Rh3 g5 28. a4 Bc4 29. Rh5 Rg6 30. Qd2 Rgf6 31. e4 Rf4 32. exd5 Bxd5 33. Bxd5 exd5 34. f3 d4 35. Rc5 Qe3+ 36. Qxe3 dxe3 37. Rhxg5 Rxb4 38. Rce5 Rxa4 39. Rg7 Rb4 40. Rxh7 Rb6 41. Rxe3 a5 42. Re4 Rff6 43. Rh8+ Ka7 44. h7 Rh6 45. Re7 a4 46. Rg8 a3 47. Re3 a2 48. Ra3+ Ra6 49. Rxa2 Rxa2 50. h8Q Rxh8 51. Rxh8 b5 52. Re8 Kb6 53. f4 b4 54. f5 Kc5 55. f6 Ra7 56. g4 b3 57. g5 Rb7 58. g6 b2 59. Re1 b1Q 60. Rxb1 Rxb1+ 61. Kg2 Kd5 62. g7 1-0

[Event "US op 123nd"]
[Site "Grand Rapids"]
[Date "2023.08.04"]
[Round "7"]
[White "Tang, Andrew"]
[Black "Gurevich, Dmitry"]
[Result "1-0"]
[WhiteElo "2523"]
[BlackElo "2371"]
[PlyCount "89"]
[EventDate "2023.07.29"]
[EventType "swiss"]
[EventRounds "9"]
[EventCountry "USA"]
[SourceTitle "CBM 215 Extra"]
[Source "ChessBase"]
[SourceDate "2023.09.30"]
[SourceVersion "1"]
[SourceVersionDate "2023.09.30"]
[SourceQuality "1"]

1. d4 d5 2. Bf4 e6 3. e3 Bd6 4. Nf3 Bxf4 5. exf4 Qd6 6. Qd2 Nf6 7. Nc3 a6 8. Bd3 c5 9. dxc5 Qxc5 10. 0-0 0-0 11. Rfe1 b5 12. Nd4 g6 13. Nce2 Bd7 14. Qe3 Qc7 15. Nf3 Qa7 16. Ned4 Nc6 17. h3 Rfe8 18. c3 Nxd4 19. Nxd4 Rac8 20. Qe5 Nh5 21. g4 Ng7 22. h4 Qc7 23. h5 Qxe5 24. fxe5 gxh5 25. g5 h6 26. gxh6 Nf5 27. f4 Nxh6 28. Kg2 f5 29. Rh1 Re7 30. Rxh5 Rg7+ 31. Kf3 Rg6 32. Rah1 Kg7 33. Be2 Rh8 34. Kf2 Nf7 35. Rxh8 Nxh8 36. Nb3 Bc6 37. Rh2 Nf7 38. Ke3 Nd8 39. Kd4 Rg1 40. Kc5 d4 41. Nxd4 Be4 42. Kd6 Rb1 43. Kd7 Nb7 44. Nxe6+ Kg8 45. Bh5 1-0

[Event "US op 123nd"]
[Site "Grand Rapids"]
[Date "2023.07.31"]
[Round "3"]
[White "Tang, Andrew"]
[Black "Vanderhoek, Kalman"]
[Result "1-0"]
[WhiteElo "2523"]
[BlackElo "1962"]
[PlyCount "67"]
[EventDate "2023.07.29"]
[EventType "swiss"]
[EventRounds "9"]
[EventCountry "USA"]
[SourceTitle "CBM 215 Extra"]
[Source "ChessBase"]
[SourceDate "2023.09.30"]
[SourceVersion "1"]
[SourceVersionDate "2023.09.30"]
[SourceQuality "1"]

1. d4 d5 2. Bf4 c5 3. e3 Nc6 4. Nf3 Bg4 5. c3 cxd4 6. exd4 f6 7. h3 Bxf3 8. Qxf3 e5 9. Be3 Qb6 10. Qxd5 Qxb2 11. Bc4 Qxa1 12. Qf7+ Kd8 13. Qxf8+ Kc7 14. Qxg7+ Nge7 15. 0-0 Rae8 16. d5 Na5 17. d6+ Kb8 18. Bf7 Nec6 19. Bxe8 Rxe8 20. Qc7+ Ka8 21. d7 Rb8 22. Rd1 Qxa2 23. d8Q Nxd8 24. Qxd8 Nc4 25. Qxf6 Nxe3 26. fxe3 Qc2 27. Qd6 a6 28. Qd3 Qb3 29. c4 Qb6 30. Nc3 Rg8 31. Rb1 Qh6 32. Qe4 Rg7 33. Nd5 Qg5 34. c5 1-0

[Event "Bullet Chess Losers"]
[Site "Chess.com INT"]
[Date "2023.07.20"]
[Round "4.7"]
[White "Carlsen, Magnus"]
[Black "Tang, Andrew"]
[Result "1-0"]
[WhiteElo "2835"]
[BlackElo "2523"]
[PlyCount "35"]
[EventDate "2023.07.18"]
[EventType "k.o. (blitz)"]
[EventRounds "6"]
[EventCountry "USA"]
[SourceTitle "CBM 215 Extra"]
[Source "ChessBase"]
[SourceDate "2023.09.30"]
[SourceVersion "1"]
[SourceVersionDate "2023.09.30"]
[SourceQuality "1"]

1. d4 d5 2. Nf3 e6 3. g3 Nf6 4. Bg2 Be7 5. 0-0 0-0 6. b3 b6 7. Bb2 Bb7 8. c4 Nbd7 9. cxd5 Nxd5 10. Nc3 Nxc3 11. Bxc3 c5 12. Qd2 Nf6 13. Qb2 Ne4 14. Ne5 Nxc3 15. Bxb7 Qxd4 16. Nc6 Qf6 17. Nxe7+ Qxe7 18. Bxa8 1-0

[Event "Bullet Chess Losers"]
[Site "Chess.com INT"]
[Date "2023.07.20"]
[Round "4.13"]
[White "Carlsen, Magnus"]
[Black "Tang, Andrew"]
[Result "1-0"]
[WhiteElo "2835"]
[BlackElo "2523"]
[PlyCount "63"]
[EventDate "2023.07.18"]
[EventType "k.o. (blitz)"]
[EventRounds "6"]
[EventCountry "USA"]
[SourceTitle "CBM 215 Extra"]
[Source "ChessBase"]
[SourceDate "2023.09.30"]
[SourceVersion "1"]
[SourceVersionDate "2023.09.30"]
[SourceQuality "1"]

1. g3 d5 2. Bg2 e6 3. d3 Nf6 4. Nf3 Be7 5. 0-0 0-0 6. b3 c5 7. Bb2 Nc6 8. Nbd2 b5 9. c4 b4 10. cxd5 Nxd5 11. Nc4 Ba6 12. Rc1 Rc8 13. Nfe5 Nxe5 14. Bxe5 Bf6 15. Bxd5 exd5 16. Bxf6 Qxf6 17. Ne3 Rfd8 18. Qd2 Bb5 19. Rc2 a5 20. Rfc1 Qd6 21. d4 c4 22. bxc4 dxc4 23. Nxc4 Qxd4 24. Qxd4 Rxd4 25. Nxa5 Ra8 26. Rc8+ Rd8 27. Rxd8+ Rxd8 28. Rc2 g6 29. f3 Rd1+ 30. Kf2 Rh1 31. h4 Rg1 32. Kxg1 1-0

[Event "Bullet Chess Losers"]
[Site "Chess.com INT"]
[Date "2023.07.20"]
[Round "4.17"]
[White "Carlsen, Magnus"]
[Black "Tang, Andrew"]
[Result "0-1"]
[WhiteElo "2835"]
[BlackElo "2523"]
[PlyCount "42"]
[EventDate "2023.07.18"]
[EventType "k.o. (blitz)"]
[EventRounds "6"]
[EventCountry "USA"]
[SourceTitle "CBM 215 Extra"]
[Source "ChessBase"]
[SourceDate "2023.09.30"]
[SourceVersion "1"]
[SourceVersionDate "2023.09.30"]
[SourceQuality "1"]

1. e4 e5 2. Nc3 Nc6 3. Nf3 Nf6 4. a3 g6 5. Nxe5 Nxe5 6. d4 Nc6 7. d5 Ne7 8. e5 Nh5 9. d6 Nc6 10. g4 Nxe5 11. gxh5 Bxd6 12. Ne4 Qe7 13. Bg5 Qe6 14. Nxd6+ cxd6 15. Be3 0-0 16. Be2 b6 17. Qd2 Bb7 18. Rg1 Rac8 19. 0-0-0 Be4 20. Bd4 Qa2 21. Bd3 Qa1# 0-1

[Event "Bullet Chess Losers"]
[Site "Chess.com INT"]
[Date "2023.07.20"]
[Round "3.4"]
[White "Martinez Alcantara, Jose Eduardo"]
[Black "Tang, Andrew"]
[Result "1-0"]
[WhiteElo "2619"]
[BlackElo "2523"]
[PlyCount "119"]
[EventDate "2023.07.18"]
[EventType "k.o. (blitz)"]
[EventRounds "6"]
[EventCountry "USA"]
[SourceTitle "CBM 215 Extra"]
[Source "ChessBase"]
[SourceDate "2023.09.30"]
[SourceVersion "1"]
[SourceVersionDate "2023.09.30"]
[SourceQuality "1"]

1. e4 e5 2. Nf3 Nc6 3. Nc3 Nf6 4. h3 g6 5. Bc4 Bg7 6. d3 d6 7. a3 0-0 8. Be3 Be6 9. Bxe6 fxe6 10. Ne2 Nh5 11. Ng3 Nf4 12. 0-0 Qf6 13. c3 Nxh3+ 14. gxh3 Qxf3 15. Qxf3 Rxf3 16. Kg2 Rf7 17. b4 a6 18. a4 Rff8 19. b5 axb5 20. axb5 Ne7 21. c4 b6 22. Ne2 d5 23. Bd2 Kf7 24. Bb4 Rfd8 25. cxd5 exd5 26. Bxe7 Kxe7 27. Nc3 dxe4 28. dxe4 Rxa1 29. Rxa1 Kd7 30. Nd5 Rc8 31. Rd1 Ke6 32. Rc1 Kd6 33. Rc6+ Kd7 34. h4 Bf8 35. Rf6 Bc5 36. Rf7+ Ke6 37. Rxh7 c6 38. bxc6 Rxc6 39. Rg7 b5 40. Nc7+ Kf6 41. Nd5+ Ke6 42. Rb7 b4 43. Nxb4 Bxb4 44. Rxb4 Rc8 45. Rb6+ Kf7 46. Kg3 Rc3+ 47. Kg4 Rc4 48. f3 Rc1 49. Kg3 Rg1+ 50. Kh2 Rf1 51. Kg2 Rd1 52. Rb7+ Kf6 53. Rb2 Rd8 54. Rb6+ Kg7 55. Kg3 Re8 56. Rd6 Kh6 57. Kg4 Rf8 58. Re6 Rf4+ 59. Kg3 Rf8 60. Rxe5 1-0

[Event "Bullet Chess Losers"]
[Site "Chess.com INT"]
[Date "2023.07.20"]
[Round "4.6"]
[White "Tang, Andrew"]
[Black "Carlsen, Magnus"]
[Result "0-1"]
[WhiteElo "2523"]
[BlackElo "2835"]
[PlyCount "80"]
[EventDate "2023.07.18"]
[EventType "k.o. (blitz)"]
[EventRounds "6"]
[EventCountry "USA"]
[SourceTitle "CBM 215 Extra"]
[Source "ChessBase"]
[SourceDate "2023.09.30"]
[SourceVersion "1"]
[SourceVersionDate "2023.09.30"]
[SourceQuality "1"]

1. d4 Nf6 2. c4 g6 3. f3 d5 4. cxd5 Nxd5 5. e4 Nb6 6. Nc3 Bg7 7. Be3 0-0 8. Qd2 Nc6 9. 0-0-0 f5 10. e5 f4 11. Bxf4 Nb4 12. Be3 a5 13. Nh3 Be6 14. a3 Bb3 15. Re1 Nc4 16. Bxc4+ Bxc4 17. Nf2 c5 18. f4 cxd4 19. Qxd4 Qc7 20. Qc5 Rfc8 21. axb4 Qd7 22. Qb6 axb4 23. Qxb4 Ra1+ 24. Kc2 Qf5+ 25. Nfe4 Ra6 26. h3 Bd5 27. Bd2 Rc4 28. Qxe7 Bxe4+ 29. Kd1 Bd3 30. Qd8+ Bf8 31. Re3 Ra1+ 32. Bc1 Bc2+ 33. Ke2 Rxf4 34. Rf3 Rxf3 35. gxf3 Bb3 36. Bh6 Bc4+ 37. Kf2 Rxh1 38. Ne4 Rh2+ 39. Kg1 Rh1+ 40. Kg2 Qxh3+ 0-1

[Event "Bullet Chess Losers"]
[Site "Chess.com INT"]
[Date "2023.07.20"]
[Round "4.18"]
[White "Tang, Andrew"]
[Black "Carlsen, Magnus"]
[Result "0-1"]
[WhiteElo "2523"]
[BlackElo "2835"]
[PlyCount "76"]
[EventDate "2023.07.18"]
[EventType "k.o. (blitz)"]
[EventRounds "6"]
[EventCountry "USA"]
[SourceTitle "CBM 215 Extra"]
[Source "ChessBase"]
[SourceDate "2023.09.30"]
[SourceVersion "1"]
[SourceVersionDate "2023.09.30"]
[SourceQuality "1"]

1. d4 Nf6 2. c4 e6 3. Nc3 Bb4 4. Qc2 c5 5. dxc5 Bxc5 6. Nf3 0-0 7. Bg5 Nc6 8. e3 d5 9. cxd5 exd5 10. Bxf6 Qxf6 11. Nxd5 Bb4+ 12. Nxb4 Nxb4 13. Qb3 a5 14. Bc4 b5 15. Bxb5 Be6 16. Qa4 Bd5 17. Nd4 Bxg2 18. Rg1 Be4 19. a3 g6 20. axb4 axb4 21. Qd1 Qe5 22. Rxa8 Rxa8 23. f4 Qf6 24. Rg3 Qh4 25. Qe2 Ra1+ 26. Kd2 Rb1 27. Nc2 Rxb2 28. Bd3 Qd8 29. Rg1 b3 30. Rc1 bxc2 31. Rxc2 Qa5+ 32. Kd1 Rb1+ 33. Rc1 Qa4+ 34. Kd2 Qb4+ 35. Kd1 Qb3+ 36. Kd2 Qb2+ 37. Rc2 Qb4+ 38. Rc3 Rb2+ 0-1

[Event "Bullet Chess Losers"]
[Site "Chess.com INT"]
[Date "2023.07.20"]
[Round "3.3"]
[White "Tang, Andrew"]
[Black "Martinez Alcantara, Jose Eduardo"]
[Result "0-1"]
[WhiteElo "2523"]
[BlackElo "2619"]
[PlyCount "64"]
[EventDate "2023.07.18"]
[EventType "k.o. (blitz)"]
[EventRounds "6"]
[EventCountry "USA"]
[SourceTitle "CBM 215 Extra"]
[Source "ChessBase"]
[SourceDate "2023.09.30"]
[SourceVersion "1"]
[SourceVersionDate "2023.09.30"]
[SourceQuality "1"]

1. d4 Nf6 2. c4 d6 3. Nc3 g6 4. e4 Bg7 5. Nge2 0-0 6. f3 c6 7. Be3 a6 8. c5 b5 9. cxd6 exd6 10. Nf4 Re8 11. Qd2 b4 12. Na4 d5 13. e5 Nfd7 14. Nd3 f6 15. f4 a5 16. Be2 Nf8 17. 0-0 Bf5 18. Ndc5 Ne6 19. g4 Nxc5 20. Nxc5 Be4 21. Nxe4 dxe4 22. Bc4+ Kh8 23. e6 Na6 24. f5 Nc7 25. Rac1 Nd5 26. h4 Qd6 27. Kg2 Rad8 28. Bxd5 Qxd5 29. b3 gxf5 30. gxf5 Rg8 31. Kh3 Bf8 32. Rg1 Qxf5+ 0-1

[Event "Bullet Chess Losers"]
[Site "Chess.com INT"]
[Date "2023.07.20"]
[Round "3.5"]
[White "Tang, Andrew"]
[Black "Martinez Alcantara, Jose Eduardo"]
[Result "1-0"]
[WhiteElo "2523"]
[BlackElo "2619"]
[PlyCount "79"]
[EventDate "2023.07.18"]
[EventType "k.o. (blitz)"]
[EventRounds "6"]
[EventCountry "USA"]
[SourceTitle "CBM 215 Extra"]
[Source "ChessBase"]
[SourceDate "2023.09.30"]
[SourceVersion "1"]
[SourceVersionDate "2023.09.30"]
[SourceQuality "1"]

1. d4 Nf6 2. c4 g6 3. Nc3 d6 4. e4 Bg7 5. Nge2 0-0 6. f3 a6 7. Be3 c6 8. c5 b5 9. cxd6 exd6 10. Nf4 Re8 11. Qd2 Nbd7 12. Be2 Bb7 13. 0-0 c5 14. Rfd1 Rc8 15. Rac1 b4 16. Na4 Bxe4 17. dxc5 Bc6 18. Nb6 dxc5 19. Nxc8 Qxc8 20. Bxc5 a5 21. Bf2 Qb7 22. Nd3 Bb5 23. Bf1 h5 24. Re1 Rd8 25. Nc5 Qb8 26. Bxb5 Qxb5 27. Rcd1 Bf8 28. Ne4 Rc8 29. Bd4 Nxe4 30. Rxe4 Nc5 31. Ree1 Ne6 32. Bf2 Bg7 33. h4 Qa4 34. b3 Qe8 35. Re2 Bf6 36. g3 Qb5 37. Kg2 Rd8 38. Qe1 Rc8 39. Rxe6 Bc3 40. Qe2 1-0

[Event "Bullet Chess Losers"]
[Site "Chess.com INT"]
[Date "2023.07.20"]
[Round "3.7"]
[White "Tang, Andrew"]
[Black "Martinez Alcantara, Jose Eduardo"]
[Result "1-0"]
[WhiteElo "2523"]
[BlackElo "2619"]
[PlyCount "99"]
[EventDate "2023.07.18"]
[EventType "k.o. (blitz)"]
[EventRounds "6"]
[EventCountry "USA"]
[SourceTitle "CBM 215 Extra"]
[Source "ChessBase"]
[SourceDate "2023.09.30"]
[SourceVersion "1"]
[SourceVersionDate "2023.09.30"]
[SourceQuality "1"]

1. d4 Nf6 2. c4 g6 3. Nc3 d6 4. e4 Bg7 5. Nge2 0-0 6. f3 c6 7. Be3 a6 8. c5 b5 9. cxd6 exd6 10. Nf4 Re8 11. Qd2 b4 12. Na4 d5 13. e5 Nfd7 14. Nd3 a5 15. Be2 Ba6 16. 0-0 Bb5 17. Nac5 Nxc5 18. Nxc5 Bxe2 19. Qxe2 Nd7 20. Nxd7 Qxd7 21. f4 f6 22. Rac1 fxe5 23. dxe5 g5 24. g3 gxf4 25. gxf4 Kh8 26. Qd3 Rad8 27. Kh1 d4 28. Bd2 Qd5+ 29. Qf3 Qxa2 30. Rxc6 Qxb2 31. Bc1 Qa2 32. Rc7 Qd5 33. Qxd5 Rxd5 34. Rg1 Bh6 35. Rg3 d3 36. Bd2 b3 37. Rh3 Bg7 38. Rg3 Rg8 39. Ra7 a4 40. Rxa4 Rb5 41. Ra1 Bf8 42. Rxd3 Bc5 43. Rb1 b2 44. Bc3 Re8 45. Rg3 h6 46. e6+ Kh7 47. Rg7+ Kh8 48. Re7+ Kg8 49. Rxe8+ Kh7 50. f5 1-0

[Event "Bullet Chess Losers"]
[Site "Chess.com INT"]
[Date "2023.07.20"]
[Round "3.17"]
[White "Tang, Andrew"]
[Black "Martinez Alcantara, Jose Eduardo"]
[Result "1/2-1/2"]
[WhiteElo "2523"]
[BlackElo "2619"]
[PlyCount "216"]
[EventDate "2023.07.18"]
[EventType "k.o. (blitz)"]
[EventRounds "6"]
[EventCountry "USA"]
[SourceTitle "CBM 215 Extra"]
[Source "ChessBase"]
[SourceDate "2023.09.30"]
[SourceVersion "1"]
[SourceVersionDate "2023.09.30"]
[SourceQuality "1"]

1. d4 Nf6 2. c4 g6 3. f3 Bg7 4. e4 0-0 5. Nc3 d6 6. Nge2 c6 7. Be3 a6 8. c5 b5 9. cxd6 exd6 10. Qd2 Re8 11. Nf4 Bb7 12. Be2 Nbd7 13. 0-0 Nb6 14. Rac1 b4 15. Nd1 a5 16. Nf2 Nfd7 17. b3 d5 18. e5 f6 19. exf6 Nxf6 20. N4d3 Qe7 21. Nd1 Ba6 22. Re1 Bxd3 23. Bxd3 Qf7 24. Nf2 Nbd7 25. Bb1 Nf8 26. Rxc6 Qd7 27. Rcc1 Ne6 28. Nd3 Qd6 29. Bf2 Nd7 30. Nb2 Rac8 31. Rcd1 Bf6 32. Na4 Kf7 33. Re2 Bg5 34. Qe1 Nf4 35. Rxe8 Rxe8 36. Qf1 Ne2+ 37. Kh1 Bf4 38. Bd3 Nc3 39. Nxc3 bxc3 40. g3 Bd2 41. Be1 Bxe1 42. Rxe1 Rxe1 43. Qxe1 Qb4 44. Qe3 Nf8 45. Qe5 Ne6 46. Qxd5 c2 47. Bxc2 Qe1+ 48. Kg2 Qd2+ 49. Kh3 Qxc2 50. Qxa5 Qd3 51. Qe5 Qf1+ 52. Kg4 h5+ 53. Kh4 g5+ 54. Qxg5 Qh3+ 55. Kxh3 Nxg5+ 56. Kg2 Ne6 57. d5 Nc7 58. Kh3 Kg6 59. Kh4 Nxd5 60. g4 Nf4 61. gxh5+ Nxh5 62. Kg4 Nf6+ 63. Kg3 Nd5 64. h4 Kh6 65. Kg4 Nc3 66. f4 Ne4 67. f5 Nf6+ 68. Kf4 Nd5+ 69. Ke5 Nb4 70. Ke6 Nd3 71. f6 Nf4+ 72. Ke7 Ng6+ 73. Ke6 Nf4+ 74. Kf5 Nh5 75. Ke6 Kg6 76. f7 Ng7+ 77. Ke7 Nf5+ 78. Ke8 Nd6+ 79. Kd7 Nxf7 80. Kc6 Kf6 81. Kc5 Ne5 82. Kb4 Nd7 83. Ka3 Ne5 84. b4 Nc6 85. Kb3 Nd4+ 86. Kc4 Nc6 87. Kc5 Ne5 88. b5 Nd7+ 89. Kb4 Ne5 90. Ka5 Nd3 91. Ka6 Nc5+ 92. Ka7 Na4 93. b6 Nc3 94. Ka6 Nb5 95. Kxb5 Ke5 96. Ka5 Ke6 97. b7 Kd6 98. b8Q+ Kc6 99. Qb6+ Kd5 100. Qb5+ Ke4 101. Kb4 Ke3 102. a4 Kd4 103. a5 Ke3 104. a6 Kd4 105. a7 Ke3 106. a8Q Kd4 107. Qa3 Ke4 108. Qc4+ Ke5 1/2-1/2

[Event "Bullet Chess Winners"]
[Site "Chess.com INT"]
[Date "2023.07.18"]
[Round "2.1"]
[White "Naroditsky, Daniel"]
[Black "Tang, Andrew"]
[Result "1-0"]
[WhiteElo "2619"]
[BlackElo "2523"]
[PlyCount "91"]
[EventDate "2023.07.17"]
[EventType "k.o. (blitz)"]
[EventRounds "5"]
[EventCountry "USA"]
[SourceTitle "CBM 215 Extra"]
[Source "ChessBase"]
[SourceDate "2023.09.30"]
[SourceVersion "1"]
[SourceVersionDate "2023.09.30"]
[SourceQuality "1"]

1. e4 e5 2. Nf3 Nc6 3. Nc3 Nf6 4. d4 exd4 5. Nd5 Be7 6. Bd3 0-0 7. 0-0 d6 8. h3 Re8 9. Nxe7+ Qxe7 10. Re1 h6 11. b3 Nd7 12. Bb2 Qf6 13. Bf1 Nde5 14. Nxd4 Nxd4 15. Bxd4 Qg6 16. Bxe5 Rxe5 17. Qf3 Bd7 18. Bd3 Rae8 19. Re3 Bc6 20. Rae1 Qe6 21. c4 g6 22. Qf4 Kg7 23. Kh2 Qe7 24. Qg3 Rg5 25. Qf4 a5 26. g4 Bd7 27. Qg3 a4 28. f4 Rc5 29. b4 Rc6 30. e5 dxe5 31. Rxe5 Re6 32. Rxe6 fxe6 33. f5 e5 34. fxg6 Qxb4 35. Re2 Qd6 36. Bf5 Bc6 37. Rf2 e4 38. Qxd6 cxd6 39. Re2 Kf6 40. Kg3 Ke5 41. h4 Re7 42. h5 Kd4 43. g5 Ke5 44. gxh6 Kf6 45. h7 Kg7 46. h6+ 1-0

[Event "Bullet Chess Winners"]
[Site "Chess.com INT"]
[Date "2023.07.18"]
[Round "2.9"]
[White "Naroditsky, Daniel"]
[Black "Tang, Andrew"]
[Result "1-0"]
[WhiteElo "2619"]
[BlackElo "2523"]
[PlyCount "167"]
[EventDate "2023.07.17"]
[EventType "k.o. (blitz)"]
[EventRounds "5"]
[EventCountry "USA"]
[SourceTitle "CBM 215 Extra"]
[Source "ChessBase"]
[SourceDate "2023.09.30"]
[SourceVersion "1"]
[SourceVersionDate "2023.09.30"]
[SourceQuality "1"]

1. d4 d5 2. Nc3 e6 3. Bf4 Nf6 4. e3 Bb4 5. Bd3 c5 6. dxc5 Nbd7 7. Nf3 Nxc5 8. 0-0 0-0 9. Bg5 Bxc3 10. bxc3 Nce4 11. Bxe4 dxe4 12. Ne5 Qc7 13. Bxf6 gxf6 14. Ng4 f5 15. Nf6+ Kg7 16. Nh5+ Kh8 17. f3 Qxc3 18. Qd6 Rg8 19. fxe4 Qxe3+ 20. Kh1 Qg5 21. Qd4+ f6 22. Qxf6+ Qxf6 23. Nxf6 Rd8 24. exf5 exf5 25. Rae1 Kg7 26. Nh5+ Kg6 27. Nf4+ Kf7 28. Nd3 Be6 29. Nc5 Bc8 30. Nd3 b6 31. Re5 Kf6 32. Rfe1 Rd6 33. Kg1 Bb7 34. Re7 Be4 35. Rxh7 Rg8 36. Rh6+ Ke7 37. Rxd6 Kxd6 38. g3 Rc8 39. Re2 b5 40. Kf2 a5 41. h4 b4 42. h5 a4 43. Nf4 Bxc2 44. h6 b3 45. axb3 axb3 46. Re6+ Kd7 47. Rb6 Kc7 48. Nd5+ Kd7 49. h7 Rh8 50. Rb4 Kc6 51. Nf6 Kc5 52. Rb7 Kd4 53. Ke2 Ke5 54. Rb6 Kd4 55. Kd2 Kc5 56. Rb7 Kc6 57. Rb4 Kd6 58. Rb6+ Ke5 59. Ke3 Rc8 60. Nd7+ Kd5 61. Nf6+ Kc5 62. Ng8 Kxb6 63. h8Q Kb5 64. Qe5+ Rc5 65. Qb8+ Kc4 66. Nf6 b2 67. Qg8+ Kb4 68. Qb8+ Rb5 69. Qd6+ Ka4 70. Qa6+ Kb4 71. Qd6+ Ka4 72. Nd5 b1Q 73. Nc3+ Kb3 74. Nxb1 Bxb1 75. Qd1+ Kb4 76. Qd2+ Kc5 77. Qc1+ Kb6 78. Qc3 Rb4 79. Qf6+ Kb5 80. Qc3 Ka4 81. Qa1+ Kb5 82. Kd2 Rb3 83. Kc1 Rb2 84. Qxb2+ 1-0